00845nam a22001817a 4500003000900000008004100009040007100050082001800121100003800139245006900177260003300246300004400279440002700323505023900350650002600589650001900615650002900634AR-CdUCM190329b ||||| |||| 00| 0 spa d aMUNICIPALIDAD PROVINCIAL DEL CUSCOcBIBLIOTECA MUNICIPAL DEL CUSCO a863.4 /bF38I aFernández de Avellaneda, Alonso aEl Quijote apócrifo :bEl ingenioso Don Quijote de la Mancha / aBarcelona :bRamón Sopena. a382 páginas ;bilustraciones,c18 cm. aBiblioteca Sopena.n12 aContenido: Quinta parte, Del ingenioso Hidalgo Don Quijote de la Mancha y de su andantesca caballería -- Sexta parte, Del Ingenioso Hidalgo Don Quijote de la Mancha -- Séptima parte, Del Ingenioso Hidalgo Don Quijote de la Mancha. aLiteratura Española aObra literaria aDon Quijote de la Mancha